| 000 | 00698nam a2200253Ia 4500 | ||
|---|---|---|---|
| 003 | OSt | ||
| 005 | 20250725163143.0 | ||
| 008 | 210210b2016 xxu||||| |||| 00| 0 eng d | ||
| 020 | _a9789380578385 | ||
| 040 | _cAL | ||
| 041 | _aeng | ||
| 082 | _a158.1 RAOS | ||
| 100 |
_aM S Rao _9220250 |
||
| 245 |
_aSoft skills _b: enhancing employability connecting campus with corporate |
||
| 260 |
_aNew Delhi _bI.K. International Pub. House Pvt. Ltd. _c2016 |
||
| 300 | _axviii,238p | ||
| 650 |
_aemployability _9220251 |
||
| 650 |
_acorporate _9220252 |
||
| 650 |
_aconnecting _9220253 |
||
| 650 |
_acampus _9220254 |
||
| 690 |
_aApplied Psychology _9220255 |
||
| 906 | _a073200 | ||
| 942 |
_2ddc _cBK |
||
| 999 |
_c123020 _d123020 |
||